|
|
|
|
| LEADER |
00000nam0a2200000 4500 |
| 001 |
117786 |
| 005 |
20231031123924.0 |
| 010 |
|
|
|a 5737000141
|
| 020 |
|
|
|a RU
|b 88-68598
|
| 035 |
|
|
|a (RuTPU)RU\TPU\book\127493
|
| 090 |
|
|
|a 117786
|
| 100 |
|
|
|a 20070606d1988 m y0rusy5003 ca
|
| 101 |
0 |
|
|a rus
|
| 102 |
|
|
|a RU
|
| 105 |
|
|
|a a z 001zy
|
| 200 |
1 |
|
|a Художники Северной Осетии
|f А. А. Дзантиев
|
| 210 |
|
|
|a Ленинград
|c Художник РСФСР
|d 1988
|
| 215 |
|
|
|a 207 с.
|c ил.
|
| 320 |
|
|
|a Библиогр. в примеч.: с. 167-169.
|
| 320 |
|
|
|a Библиогр.: с. 194-203.
|
| 610 |
1 |
|
|a изобразительное искусство
|
| 610 |
1 |
|
|a Северная Осетия
|
| 610 |
1 |
|
|a художники
|
| 610 |
1 |
|
|a декоративно-прикладное искусство
|
| 675 |
|
|
|a 7
|v 3
|
| 700 |
|
1 |
|a Дзантиев
|b А. А.
|g Анатолий Александрович
|4 070
|
| 801 |
|
0 |
|a RU
|b RuMRKP
|c 19950417
|g psbo
|
| 801 |
|
1 |
|a RU
|b 63413507
|c 20070606
|g PSBO
|
| 801 |
|
2 |
|a RU
|b 63413507
|c 20080919
|g PSBO
|
| 942 |
|
|
|c BK
|